Statistiques concernant Titres de films - Antonymes

Cliquez ici pour prendre le quiz!

Statistiques générales

  • Ce quiz a été pris 4,794 fois
  • Le résultat moyen est 9 sur 14

Statistiques - réponses

Hint Answer % Correct
La marraineLe parrain
97%
La mort est une petite rivière agitéeLa vie est un long fleuve tranquille
90%
Le petit-déjeuner d'intellectuelsLe diner de cons
85%
La mort est vilaineLa vie est belle
85%
Le pointillé rougeLa ligne verte
80%
Aller pout le passéRetour vers le futur
80%
Tomate manuelleOrange mécanique
74%
Young girlOld boy
72%
Le raffut des loupsLe silence des agneaux
71%
Ugly manPretty woman
64%
Bad night FranceGood morning England
40%
42 kilos21 grammes
24%
Le taf de Madame NicolasLes vacances de Monsieur Hulot
15%
Toc au pied de la chaiseDiamants sur canapé
2%

Distribution des résultats

Percentile by Number Answered

% des personnes avec chaque résultat

Votre développement - résultats

Vous n’avez pas pris ce quiz